Cyril E. King Destinations (Charlotte Amalie West, Saint Thomas) - Statistics

General Stats
  • This quiz has been taken 39 times
    18 since last reset
  • The average score is 18 of 25
Answer Stats
Airline Destination % Correct
Delta Air Lines Atlanta
100%
Delta Air Lines/JetBlue Boston
100%
American Airlines Charlotte
100%
American Airlines/United Airlines Chicago (O'Hare)
100%
American Airlines Dallas/Fort Worth
100%
American Airlines Miami
100%
American Airlines/Delta Air Lines/JetBlue New York (JFK)
100%
United Airlines Washington (Dulles)
100%
Southwest Airlines Baltimore
93%
United Airlines Houston (Intercontinental)
93%
Southwest Airlines/Spirit Airlines Orlando
93%
United Airlines Newark
86%
Cape Air/Frontier Airlines/JetBlue San Juan
86%
Sun Country Airlines Minneapolis/St. Paul
79%
American Airlines Philadelphia
79%
Cape Air/Fly The Whale Saint Croix
79%
Cape Air Anguilla
64%
Spirit Airlines Fort Lauderdale
64%
Cape Air Saint Kitts
43%
Cape Air/VI Airlink Tortola
43%
Cape Air/Tradewind Aviation Saint Barthélemy
36%
Sky High Santo Domingo (Las Américas)
36%
Cape Air Nevis
29%
Cape Air Vieques
21%
VI Airlink Anegada
14%
No matching quizzes found
Score Distribution
Percent of People with Each Score
Percentile by Number Answered
Your Score History
You have not taken this quiz since the last reset